|
|
|
|
| LEADER |
00000nab a2200000 a 4500 |
| 001 |
vtls000454658 |
| 003 |
SK-MaSNL |
| 005 |
20260318132833.0 |
| 008 |
120926c1992 xo 0 hun |
| 015 |
|
|
|a SNBRB19rr/mm-uuuuu
|
| 035 |
|
|
|a CL0454789
|
| 040 |
|
|
|a SNKBUCL
|b slo
|c SNKBUCL
|e AACR2
|
| 041 |
0 |
|
|a hun
|
| 044 |
|
|
|a xo
|c SK
|
| 080 |
|
|
|a 792.5+784.66
|2 1981
|
| 080 |
|
|
|a 784.66
|2 1981
|
| 100 |
1 |
|
|a Ozorai, Katalin
|4 aut
|4 ivr
|9 969312
|
| 245 |
1 |
0 |
|a A szeretetröl..
|b Rockopera a Pozsonyi Új Színpadon
|c Jozef Bednárik, Katalin Ozorai
|
| 300 |
|
|
|b Fot. 1.
|
| 500 |
|
|
|a Réžia J. Bednárik
|
| 600 |
1 |
7 |
|a Bednárik, Jozef,
|d 1947-2013
|2 snkbucl
|9 174461
|
| 610 |
2 |
7 |
|a Divadlo Nová scéna
|2 snkbucl
|9 228251
|
| 630 |
0 |
7 |
|a Evanjelium o Márii (rocková opera)
|2 snkbucl
|9 1225791
|
| 655 |
|
7 |
|a rozhovory
|2 snkbucl
|9 31831
|
| 655 |
|
7 |
|a články z novín a časopisov
|2 snkbucl
|9 267496
|
| 700 |
1 |
|
|a Bednárik, Jozef,
|d 1947-2013
|4 aut
|4 ive
|9 174461
|
| 773 |
0 |
|
|t Új szó
|g Roč. 45, č. 74 (27. 3. 1992), s. 5
|
| 850 |
|
|
|a Slovenská národná knižnica v Martine
|a MTA001
|
| 852 |
|
|
|a SNK
|b KIS3GCP
|
| 958 |
|
|
|a RK
|
| 992 |
|
|
|a RBX
|
| 999 |
|
|
|c 2155129
|d 2157059
|